|
|
|
|
| LEADER |
01721nam a2200337 a 4500 |
| 001 |
00022335 |
| 008 |
110420s1999 bg w 000 0 mul d |
| 040 |
|
|
|a BD-DhAAL
|c BD-DhAAL
|
| 041 |
|
|
|a Eng
|a Ben
|
| 082 |
0 |
0 |
|a 348.5492/046
|2 22
|
| 130 |
0 |
|
|a DLR
|
| 245 |
0 |
4 |
|a The Dhaka Law Reports :
|b a monthly law journal,
|c Founder editor, Obaidul Huq Chowdhury, Chief editor, A. Muntaquim Chaudhury, editor, Shahabuddin Ahmed,
|n volume no. 51
|
| 246 |
1 |
7 |
|a The Dhaka Law Reports.
|
| 260 |
|
|
|a Dhaka :
|b Dhaka Law Reports,
|c 1999
|
| 300 |
|
|
|a Various pagings :
|c 25 cm.
|
| 362 |
0 |
|
|a Vol.LI,1999
|
| 500 |
|
|
|a Cit. 51 DLR(AD);51 DLR etc.
|
| 500 |
|
|
|a "A journal of law reports."
|
| 590 |
|
|
|a Published yearly.
|
| 541 |
|
|
|e 00022335
|
| 650 |
|
0 |
|a Law reports, digests, etc.
|z Bangladesh.
|
| 700 |
1 |
|
|a Chowdhury,Obaidul Haque.
|
| 700 |
1 |
|
|a Chaudhury,A. Muntaquim.
|
| 700 |
1 |
|
|a Ahmad,Shahabuddin.
|
| 852 |
4 |
|
|a Ayesha Abed Library
|j General shelf
|
| 942 |
0 |
0 |
|0 3
|
| 999 |
|
|
|c 10739
|d 10739
|
| 952 |
|
|
|0 0
|1 0
|2 ddc
|4 0
|6 348_549204600000000_DHA
|7 0
|8 REF
|9 16156
|a BRACUL
|b BRACUL
|c CIR
|d 2011-04-20
|l 2
|o 348.5492046 DHA
|p 3010022335
|r 2013-12-14
|s 2013-12-14
|t 1
|w 2011-04-20
|y 1HOUR
|x Available
|
| 952 |
|
|
|0 0
|1 0
|2 ddc
|4 0
|6 348_549204600000000_DHA
|7 0
|8 REF
|9 20129
|a BRACUL
|b BRACUL
|c REF
|d 2012-05-02
|l 10
|o 348.5492046 DHA
|p 3010024453
|r 2015-08-04
|s 2015-08-04
|t 2
|w 2012-05-02
|y 1HOUR
|
| 952 |
|
|
|0 0
|1 0
|2 ddc
|4 0
|6 348_549204600000000_DHA
|7 0
|8 REF
|9 23998
|a BRACUL
|b BRACUL
|c REF
|d 2014-03-22
|l 10
|o 348.5492046 DHA
|p 3010020937
|r 2019-07-25
|s 2019-07-25
|t 3
|w 2014-03-22
|y 1HOUR
|
| 952 |
|
|
|0 0
|1 0
|2 ddc
|4 0
|6 348_549200000000000_046_DHA
|7 0
|8 REF
|9 54207
|a BRACUL
|b BRACUL
|c REF
|d 2015-06-09
|g 994.00
|l 12
|o 348.5492046 DHA
|p 3010029154
|r 2020-03-10
|s 2020-03-10
|t 4
|w 2015-06-09
|y 1HOUR
|